<?xml version="1.0" encoding="UTF-8"?>
<collection xmlns="http://www.loc.gov/MARC21/slim">
 <record>
  <leader>01787nam a22002655a 4500</leader>
  <controlfield tag="001">EUN.eunm009589</controlfield>
  <controlfield tag="008">250929s2025####ag#a###g######000#f#spa#d</controlfield>
  <controlfield tag="005">20251113131610.0</controlfield>
  <datafield tag="245" ind1="1" ind2="3">
   <subfield code="a">El eternauta /</subfield>
   <subfield code="c">escrito por Héctor Germán Oesterheld ; con dibujos de Francisco Solano López ; con prólogos de Guillermo Saccomanno y Juan Sasturain.</subfield>
  </datafield>
  <datafield tag="250" ind1=" " ind2=" ">
   <subfield code="a">6a. ed.</subfield>
  </datafield>
  <datafield tag="260" ind1=" " ind2=" ">
   <subfield code="a">Buenos Aires :</subfield>
   <subfield code="b">Planeta Cómic,</subfield>
   <subfield code="c">2025.</subfield>
  </datafield>
  <datafield tag="300" ind1=" " ind2=" ">
   <subfield code="a">373 p. :</subfield>
   <subfield code="b">il. byn, fot. byn ;</subfield>
   <subfield code="c">25 x 19.</subfield>
  </datafield>
  <datafield tag="520" ind1=" " ind2=" ">
   <subfield code="a">&quot;El Eternauta es la primera novela gráfica en español y la más importante para el mundo hispanoamericano. Obra cumbre de la ciencia ficción, fue publicada originalmente en Argentina como una serie de 106 entregas desde 1957 a 1959, en la revista Hora Cero Semanal. Para esta edición definitiva, revisada y corregida, se han retocado más de cincuenta ilustraciones sin alterar el espíritu original de la obra, con la intención de optimizar su calidad visual, potencia y continuidad gráfica. Con su vitalidad narrativa, su vigor político y su peso iconográfico intactos, nos complace presentar la multipremiada historia que influenció a más de cinco generaciones de lectores alrededor de todo el mundo.&quot;--Tapa posterior.</subfield>
  </datafield>
  <datafield tag="020" ind1=" " ind2=" ">
   <subfield code="a">9789504982814</subfield>
  </datafield>
  <datafield tag="100" ind1="1" ind2=" ">
   <subfield code="a">Oesterheld, Héctor Germán,</subfield>
   <subfield code="d">1919-,</subfield>
   <subfield code="e">autor.</subfield>
   <subfield code="4">aut</subfield>
  </datafield>
  <datafield tag="700" ind1="1" ind2=" ">
   <subfield code="a">Solano López, Francisco,</subfield>
   <subfield code="d">1928-2011,</subfield>
   <subfield code="e">dibujante.</subfield>
   <subfield code="4">art</subfield>
  </datafield>
  <datafield tag="700" ind1="1" ind2=" ">
   <subfield code="a">Saccomanno, Guillermo,</subfield>
   <subfield code="d">1948-,</subfield>
   <subfield code="e">prologuista.</subfield>
   <subfield code="4">aui</subfield>
  </datafield>
  <datafield tag="700" ind1="1" ind2=" ">
   <subfield code="a">Sasturain, Juan,</subfield>
   <subfield code="d">1945-,</subfield>
   <subfield code="e">prologuista.</subfield>
   <subfield code="4">aui</subfield>
  </datafield>
  <datafield tag="082" ind1="0" ind2="4">
   <subfield code="a">741.5982</subfield>
   <subfield code="2">21</subfield>
  </datafield>
  <datafield tag="650" ind1=" " ind2="7">
   <subfield code="a">Literatura argentina</subfield>
   <subfield code="2">unbist</subfield>
  </datafield>
  <datafield tag="650" ind1=" " ind2="7">
   <subfield code="a">Siglo xx</subfield>
   <subfield code="2">unbist</subfield>
  </datafield>
  <datafield tag="650" ind1=" " ind2="7">
   <subfield code="a">Ciencia ficción</subfield>
   <subfield code="2">unescot</subfield>
  </datafield>
  <datafield tag="655" ind1=" " ind2="4">
   <subfield code="a">Novela gráfica</subfield>
  </datafield>
  <datafield tag="655" ind1=" " ind2="4">
   <subfield code="a">Historietas de ciencia ficción</subfield>
  </datafield>
  <datafield tag="859" ind1=" " ind2=" ">
   <subfield code="a">AR-BaUNS</subfield>
   <subfield code="b">BIB. CENTRAL - Sector A</subfield>
   <subfield code="h">741.5982</subfield>
   <subfield code="i">Oe8</subfield>
   <subfield code="p">129072/025</subfield>
  </datafield>
 </record>
</collection>
